[Event "Parachute Advansed Int"]
[Site "Dhaka BAN"]
[Date "2010.03.08"]
[Round "1"]
[White "Uddin,S"]
[Black "Rahman,SM"]
[Result "0-1"]
[WhiteElo "2177"]
[BlackElo "2294"]
[EventDate "2010.03.08"]

1. b4 Nf6 2. Bb2 d5 3. Nf3 Bf5 4. g3 e6 5. a3 c6 6. Bg2 a5 7. bxa5 Rxa5 8.
d3 h6 9. O-O Nbd7 10. Nbd2 Nc5 11. Bc3 Ra6 12. Bb4 Be7 13. c4 O-O 14. Qc2
Nfd7 15. Rfb1 Qc7 16. cxd5 exd5 17. Nd4 Bg6 18. N2b3 Nxb3 19. Nxb3 Bxb4 20.
axb4 Rxa1 21. Rxa1 Qb6 22. Qc3 Re8 23. Ra2 Bh5 24. e3 Ne5 25. Nd2 Be2 26.
d4 Nd7 27. h3 Rb8 28. g4 Qd8 29. Nf1 Bc4 30. Ra1 Ra8 31. Ng3 Nb6 32. Ra5
Ra6 33. Nf5 g6 34. Ng3 Na4 35. Qd2 Rxa5 36. bxa5 Qe7 37. Bf3 Qa3 38. Be2
Nc3 39. Bxc4 dxc4 40. e4 Nb5 41. d5 c3 42. Qd3 Qb2 43. Kg2 Qd2 44. Qc4 c2
45. Ne2 Nd6 46. Qc5 Qxe2 0-1

[Event "Parachute Advansed Int"]
[Site "Dhaka BAN"]
[Date "2010.03.08"]
[Round "1"]
[White "Minina,V"]
[Black "Long,P"]
[Result "1-0"]
[WhiteElo "2130"]
[BlackElo "2331"]
[EventDate "2010.03.08"]

1. Nf3 Nf6 2. c4 c5 3. g3 b6 4. Bg2 Bb7 5. O-O e6 6. Nc3 Be7 7. b3 O-O 8.
Bb2 d6 9. e3 Nbd7 10. d4 a6 11. d5 e5 12. Nh4 g6 13. e4 Ne8 14. Nf3 Ng7 15.
Ne1 b5 16. Nd3 Qa5 17. f4 f6 18. fxe5 Nxe5 19. Nxe5 fxe5 20. cxb5 axb5 21.
a4 bxa4 22. Rxf8+ Rxf8 23. Rxa4 Qb6 24. Kh1 Bg5 25. Bf1 Be3 26. Nb1 Nh5 27.
Na3 Bf2 28. Nc4 Qd8 29. Bh3 Qf6 30. Be6+ Kh8 31. Nxd6 Nxg3+ 32. Kg2 Nxe4
33. Rxe4 Bd4 34. Bxd4 exd4 35. Nxb7 Qg5+ 36. Qg4 Qf6 37. Rf4 1-0

[Event "Parachute Advansed Int"]
[Site "Dhaka BAN"]
[Date "2010.03.08"]
[Round "1"]
[White "Dave,D"]
[Black "Kiran,M"]
[Result "1/2-1/2"]
[WhiteElo "2140"]
[BlackElo "2259"]
[EventDate "2010.03.08"]

1. e4 c5 2. c3 d5 3. exd5 Qxd5 4. d4 Nf6 5. Nf3 e6 6. Bd3 Nc6 7. O-O Be7 8.
Be3 cxd4 9. cxd4 O-O 10. Nc3 Qd6 11. a3 a6 12. Qe2 b5 13. b4 Bb7 14. Rfd1
Rad8 15. Rac1 Ba8 16. Bb1 Nb8 17. Ne5 Nbd7 18. Bf4 Qb6 19. Ba2 Qb7 20. f3
Nb6 21. Bg3 g6 22. Bf2 Nbd5 23. Nxd5 Nxd5 24. Nc6 Rd6 25. Nxe7+ Qxe7 26.
Bg3 Rd7 27. Rc5 Qg5 28. Kf2 1/2-1/2

[Event "Parachute Advansed Int"]
[Site "Dhaka BAN"]
[Date "2010.03.09"]
[Round "2"]
[White "Mohammed Abdul,M"]
[Black "Kiran,M"]
[Result "0-1"]
[WhiteElo "2272"]
[BlackElo "2259"]
[EventDate "2010.03.08"]

1. Nf3 Nf6 2. d4 g6 3. c4 Bg7 4. Nc3 d5 5. e3 O-O 6. Bd3 c5 7. O-O cxd4 8.
exd4 Nc6 9. c5 Bg4 10. Be3 e5 11. dxe5 Bxf3 12. gxf3 Nxe5 13. Be2 Nc6 14.
Qb3 d4 15. Rad1 Nd7 16. Ne4 dxe3 17. Qxb7 Nd4 18. Rxd4 Bxd4 19. Rd1 Nxc5
0-1

[Event "Parachute Advansed Int"]
[Site "Dhaka BAN"]
[Date "2010.03.09"]
[Round "2"]
[White "Shamima,A"]
[Black "Minina,V"]
[Result "1-0"]
[WhiteElo "2092"]
[BlackElo "2130"]
[EventDate "2010.03.08"]

1. d4 Nf6 2. c4 g6 3. Nc3 Bg7 4. e4 d6 5. Be2 O-O 6. Bg5 c5 7. d5 Na6 8.
Qd2 Nc7 9. f3 Re8 10. g4 a6 11. a4 e6 12. h4 exd5 13. cxd5 Rb8 14. h5 b5
15. hxg6 fxg6 16. axb5 axb5 17. Nh3 Bd7 18. Nd1 b4 19. Nf4 Ra8 20. Rc1 Qe7
21. Nf2 Qf7 22. Kf1 Ra2 23. Rb1 Bb5 24. Bxb5 Nxb5 25. Ne6 Nd7 26. Nxg7 Kxg7
27. Kg2 Nd4 28. Rh3 Ne5 29. Rbh1 h5 30. gxh5 gxh5 31. Bh6+ Kh7 32. Bf4 Rg8+
33. Bg5 Kg7 34. f4 Nc4 35. Qc1 Nxb2 36. Rxh5 Kf8 37. Rh7 Rxg5+ 38. fxg5
Qf3+ 39. Kf1 Qxf2+ 40. Kxf2 Nd3+ 41. Ke3 Nxc1 42. Rxc1 Ra3+ 43. Kf2 b3 44.
Rb7 Ra2+ 45. Ke3 Rg2 46. Rf1+ Kg8 47. Rf6 Nc2+ 48. Kf3 Rxg5 49. Rxd6 Rg7
50. Rb8+ Kh7 51. Rdd8 c4 52. Re8 Na3 53. d6 Kg6 54. Re7 1-0

[Event "Parachute Advansed Int"]
[Site "Dhaka BAN"]
[Date "2010.03.09"]
[Round "2"]
[White "Rahman,SM"]
[Black "Parveen,T"]
[Result "1-0"]
[WhiteElo "2294"]
[BlackElo "2058"]
[EventDate "2010.03.08"]

1. d4 d5 2. c4 e6 3. Nf3 c6 4. Nc3 dxc4 5. a4 Bb4 6. e3 b5 7. Bd2 Bxc3 8.
Bxc3 Nf6 9. axb5 cxb5 10. b3 O-O 11. bxc4 bxc4 12. Bb4 Re8 13. Bxc4 Bb7 14.
O-O Nbd7 15. Ba6 Bd5 16. Ba5 Qb8 17. Qc2 Be4 18. Qc7 Nb6 19. Rfc1 Nbd5 20.
Qxb8 Raxb8 21. Ne5 Nb4 22. Bxb4 Rxb4 23. Rc7 Reb8 24. Rxa7 Rb1+ 25. Rxb1
Rxb1+ 26. Bf1 Bb7 27. f3 Nd5 28. Nc4 f6 29. e4 Nf4 30. Nd6 Bc6 31. Rc7 1-0

[Event "Parachute Advansed Int"]
[Site "Dhaka BAN"]
[Date "2010.03.09"]
[Round "2"]
[White "Abu Sufian,S"]
[Black "Uddin,S"]
[Result "1-0"]
[WhiteElo "2320"]
[BlackElo "2177"]
[EventDate "2010.03.08"]

1. e4 c5 2. Nf3 Nc6 3. d4 cxd4 4. Nxd4 Nf6 5. Nc3 d6 6. Bc4 e6 7. Be3 Be7
8. Qe2 a6 9. O-O-O Qc7 10. Bb3 O-O 11. Rhg1 Nxd4 12. Bxd4 b5 13. g4 Bb7 14.
g5 Nd7 15. Qh5 b4 16. g6 hxg6 17. Rxg6 fxg6 18. Bxe6+ Rf7 19. Qxg6 Bg5+ 20.
Qxg5 Ne5 21. Nd5 Bxd5 22. exd5 Kf8 23. Bxf7 Kxf7 24. f4 1-0

[Event "Parachute Advansed Int"]
[Site "Dhaka BAN"]
[Date "2010.03.10"]
[Round "3"]
[White "Uddin,S"]
[Black "Mohammed Abdul,M"]
[Result "0-1"]
[WhiteElo "2177"]
[BlackElo "2272"]
[EventDate "2010.03.08"]

1. b4 d5 2. Bb2 Bf5 3. Nf3 Nd7 4. e3 e6 5. a3 Ngf6 6. Be2 h6 7. O-O Bd6 8.
d3 O-O 9. Nbd2 e5 10. c4 c6 11. Qc2 Rc8 12. e4 Bg4 13. h3 Bh5 14. Rfe1 Re8
15. Nf1 d4 16. g4 Bg6 17. Bc1 Nf8 18. Ng3 Bb8 19. Nf5 Ne6 20. Bf1 Nh7 21.
h4 h5 22. g5 f6 23. gxf6 Qxf6 24. Bh3 Bf7 25. Kg2 Kh8 26. Rh1 Rg8 27. Qe2
Rcf8 28. Bd2 Be8 29. Rag1 g6 30. Ng3 Nf4+ 31. Bxf4 Qxf4 32. Nf1 Rg7 33.
N1h2 Rgf7 34. Rf1 g5 35. Bf5 Rg7 36. Rhg1 g4 37. Nd2 Rxf5 38. exf5 e4 39.
Rh1 g3 0-1

[Event "Parachute Advansed Int"]
[Site "Dhaka BAN"]
[Date "2010.03.10"]
[Round "3"]
[White "Dave,D"]
[Black "Shamima,A"]
[Result "1/2-1/2"]
[WhiteElo "2140"]
[BlackElo "2092"]
[EventDate "2010.03.08"]

1. e4 c5 2. Nf3 Nc6 3. Bb5 g6 4. O-O Bg7 5. c3 e5 6. d4 exd4 7. cxd4 Nxd4
8. Nxd4 cxd4 9. Bf4 Ne7 10. Nd2 O-O 11. Bd6 a6 12. Bc4 b5 13. Bd5 Nxd5 14.
Bxf8 Qxf8 15. exd5 Bb7 16. Nf3 Qc5 17. Ne1 Rc8 18. Qd2 Qxd5 19. f3 Re8 20.
Nd3 Re3 21. Nb4 Qe6 22. Rf2 Qb6 23. Nc2 Re6 24. Qd3 Bd5 25. b3 Rc6 26. Nb4
Rc5 27. Rc2 a5 28. Rxc5 Qxc5 29. Nc2 Be6 30. g4 h5 31. h3 Qd6 32. Kg2 h4
33. f4 Qxf4 34. Rf1 Bd5+ 35. Kg1 Qe4 36. Qxe4 Bxe4 37. Ne1 Bh6 38. Kf2 d3
39. Nf3 d5 40. Rd1 Bf8 41. Rc1 Bb4 42. Ke3 Bxf3 43. Kxf3 d2 44. Rd1 Bc3 45.
Ke2 Kf8 46. Rf1 Ke7 47. Rf3 d4 48. a3 Ke6 49. Rf1 f6 50. Kf3 Ke5 51. Rd1 a4
52. bxa4 bxa4 53. Rf1 Bb2 54. Rd1 Bc1 55. Ke2 Bxa3 56. Rxd2 Bc5 57. Rc2 Kd5
58. Kd3 a3 59. Re2 Bb4 60. Ra2 Kc5 61. Ra1 Kd5 62. Ra2 Bd6 63. Rf2 Ke5 64.
Re2+ Kd5 65. Rf2 Be7 66. Rf4 Ke5 67. Rxd4 f5 68. gxf5 Kxf5 69. Ke2 Bf6 70.
Ra4 Bb2 71. Kf3 g5 72. Ra5+ Ke6 73. Kg4 Kf6 74. Ra6+ Ke5 75. Kxg5 Kd4 76.
Kxh4 Kc3 77. Rxa3+ Bxa3 1/2-1/2

[Event "Parachute Advansed Int"]
[Site "Dhaka BAN"]
[Date "2010.03.10"]
[Round "3"]
[White "Kiran,M"]
[Black "Long,P"]
[Result "1/2-1/2"]
[WhiteElo "2259"]
[BlackElo "2331"]
[EventDate "2010.03.08"]

1. e4 c6 2. d4 d5 3. e5 Bf5 4. Nf3 e6 5. Be2 h6 6. O-O Nd7 7. Be3 Ne7 8.
Nbd2 Qb6 9. b3 Bg4 10. c4 Nf5 11. c5 Qa5 12. b4 Qc7 13. b5 Be7 14. Rb1 O-O
15. bxc6 Qxc6 16. Bb5 Qc7 17. Qa4 Rfd8 18. Rfc1 Nxe3 19. fxe3 Bf5 20. Rb3
g5 21. Rcc3 Nb8 22. Ne1 f6 23. exf6 Bxf6 24. Bd3 Bxd3 25. Nxd3 Nc6 26. Rc1
Rd7 27. Rcb1 Qc8 28. Nb4 Ne7 29. Nd3 Nc6 30. Nf1 Rf7 31. Ng3 e5 32. dxe5
Nxe5 33. Nh5 Nxd3 34. Rxd3 Qxc5 35. Nxf6+ Rxf6 36. Rxb7 Raf8 37. Rb1 Re6
38. Qd7 Rxe3 39. Qxd5+ Qxd5 40. Rxd5 Re2 41. Rd7 Rxa2 42. h4 Rf7 43. Rd6
Rff2 44. Rb8+ Kg7 45. Rb7+ Rf7 46. Rxf7+ Kxf7 47. Rxh6 gxh4 48. Rxh4 Kg7
49. Kh2 a5 50. Kh3 Ra1 51. Rc4 Ra3+ 52. Kg4 Rb3 53. Rc7+ Kg8 54. Rc6 Kg7
55. Ra6 Rb4+ 56. Kh5 Rb5+ 57. Kh4 Rb4+ 58. g4 a4 59. Kh5 Rb5+ 60. g5 Rb7
61. Rxa4 Rc7 62. Ra6 Rb7 63. Rg6+ 1/2-1/2

[Event "Parachute Advansed Int"]
[Site "Dhaka BAN"]
[Date "2010.03.10"]
[Round "4"]
[White "Rahman,SM"]
[Black "Dave,D"]
[Result "1-0"]
[WhiteElo "2294"]
[BlackElo "2140"]
[EventDate "2010.03.08"]

1. e4 c5 2. Nf3 Nc6 3. Bb5 e6 4. O-O Nge7 5. Re1 g6 6. d3 Bg7 7. Nc3 O-O 8.
Bf4 d5 9. Bxc6 Nxc6 10. e5 a6 11. Qd2 b5 12. Ne2 f5 13. d4 c4 14. h4 Bd7
15. g3 b4 16. Kg2 Be8 17. Rh1 Bf7 18. Ng5 h5 19. Nf3 Qd7 20. Bh6 Be8 21. a3
a5 22. axb4 Nxb4 23. Bxg7 Kxg7 24. Ra3 Qc7 25. Rha1 Bd7 26. Nf4 Rg8 27. c3
Nc6 28. Ng5 Nd8 29. b3 cxb3 30. Rxb3 Re8 31. Nd3 Nb7 32. Nh3 a4 33. Rb4 Ra7
34. Rab1 Bc6 35. Rb6 Na5 1-0

[Event "Parachute Advansed Int"]
[Site "Dhaka BAN"]
[Date "2010.03.10"]
[Round "4"]
[White "Abu Sufian,S"]
[Black "Minina,V"]
[Result "1/2-1/2"]
[WhiteElo "2320"]
[BlackElo "2130"]
[EventDate "2010.03.08"]

1. e4 c5 2. Nf3 e6 3. d4 cxd4 4. Nxd4 Qb6 5. Nb3 Qc7 6. Nc3 a6 7. Bd3 Nf6
8. O-O b5 9. a3 Bb7 10. Qe2 Be7 11. Bd2 d6 12. f4 Nbd7 13. Kh1 Rc8 14. a4
b4 15. Na2 a5 16. c3 Nc5 17. Nxc5 dxc5 18. cxb4 cxb4 19. Rac1 Bc5 20. Bb5+
Kf8 21. e5 Ne4 22. Be3 Qb6 23. Bxc5+ Rxc5 24. Rxc5 Qxc5 25. Nc1 g6 26. Nb3
Qb6 27. Bd3 Nc5 28. Nxc5 1/2-1/2

[Event "Parachute Advansed Int"]
[Site "Dhaka BAN"]
[Date "2010.03.10"]
[Round "4"]
[White "Uddin,S"]
[Black "Parveen,T"]
[Result "1/2-1/2"]
[WhiteElo "2177"]
[BlackElo "2058"]
[EventDate "2010.03.08"]

1. b4 d5 2. Bb2 Bf5 3. Nf3 e6 4. a3 Nf6 5. e3 Bd6 6. Be2 h6 7. O-O O-O 8.
d3 Nbd7 9. Nbd2 e5 10. c4 c6 11. Qc2 e4 12. dxe4 dxe4 13. Nd4 Bg6 14. c5
Bc7 15. Nc4 Qe7 16. Rad1 Nd5 17. Rfe1 Ne5 18. Nxe5 Qxe5 19. g3 Qe7 20. Rd2
1/2-1/2

[Event "Parachute Advansed Int"]
[Site "Dhaka BAN"]
[Date "2010.03.11"]
[Round "5"]
[White "Parveen,T"]
[Black "Mohammed Abdul,M"]
[Result "0-1"]
[WhiteElo "2058"]
[BlackElo "2272"]
[EventDate "2010.03.08"]

1. e4 c5 2. c3 d5 3. exd5 Qxd5 4. d4 Nc6 5. Nf3 Bf5 6. Be3 cxd4 7. cxd4 e6
8. Nc3 Qa5 9. a3 Nf6 10. b4 Qd8 11. Bb5 Bd6 12. Ne5 O-O 13. Bxc6 bxc6 14.
Rc1 Qe8 15. Qa4 a5 16. bxa5 Ra6 17. Na2 Qa8 18. O-O Rxa5 19. Qxc6 Bxa3 20.
Rc4 Qd8 21. Nc3 Bd6 22. Rc1 Nd5 23. Nxd5 Rxd5 24. Nd7 Bxh2+ 25. Kxh2 Rxd7
26. Kg1 Rd5 27. Rc5 Be4 28. Qa6 Rd6 29. Qb5 Bd5 30. Bf4 e5 31. dxe5 Rb6 32.
Qd3 Be6 33. Qg3 Rb3 34. R5c3 Rb4 35. f3 Kh8 36. Be3 Rg8 37. Bg5 Qd5 38. Be7
Rb2 39. Qf4 Qa2 40. Qg3 h6 41. Ra3 Qd5 42. Rac3 Ra8 43. Ba3 Rd2 44. Qf4 Qa2
0-1

[Event "Parachute Advansed Int"]
[Site "Dhaka BAN"]
[Date "2010.03.11"]
[Round "5"]
[White "Minina,V"]
[Black "Uddin,S"]
[Result "1-0"]
[WhiteElo "2130"]
[BlackElo "2177"]
[EventDate "2010.03.08"]

1. Nf3 d5 2. g3 Bg4 3. Bg2 Nd7 4. c4 c6 5. cxd5 cxd5 6. Qa4 Ngf6 7. Nc3 e6
8. Ne5 Bf5 9. g4 Bg6 10. h4 h6 11. Nxg6 fxg6 12. d3 Bc5 13. g5 hxg5 14.
hxg5 Nh5 15. Bd2 Qb6 16. O-O-O Bxf2 17. Kb1 O-O-O 18. Rc1 Kb8 19. Nb5 Rc8
20. Ba5 Qa6 21. Nc7 Qd6 22. Qg4 Be3 23. Rc3 Bd2 24. Nb5 Qf4 25. Qxe6 Nc5
26. Rxc5 Rxc5 27. Bxd2 Qg3 28. Bb4 Qxg2 29. Bxc5 Qxh1+ 30. Kc2 1-0

[Event "Parachute Advansed Int"]
[Site "Dhaka BAN"]
[Date "2010.03.11"]
[Round "5"]
[White "Kiran,M"]
[Black "Rahman,SM"]
[Result "1-0"]
[WhiteElo "2259"]
[BlackElo "2294"]
[EventDate "2010.03.08"]

1. e4 c5 2. Nf3 Nc6 3. d4 cxd4 4. Nxd4 Nf6 5. Nc3 e5 6. Ndb5 d6 7. Bg5 a6
8. Na3 b5 9. Bxf6 gxf6 10. Nd5 f5 11. c3 Bg7 12. exf5 Bxf5 13. Nc2 O-O 14.
Nce3 Be6 15. g3 f5 16. Qh5 e4 17. Nf4 Bd7 18. Be2 Rf6 19. Qg5 Ne7 20. Ned5
Nxd5 21. Nxd5 Rf7 22. Qxd8+ Rxd8 23. Bd1 Be6 24. Bb3 a5 25. Nf4 Bc4 26. Ne6
Rb8 27. Nxg7 Kxg7 28. O-O-O Rb6 29. Rd4 Bxb3 30. axb3 Kf6 31. Kc2 Ke5 32.
Ra1 f4 33. f3 d5 34. fxe4 fxg3 35. Rxd5+ Kxe4 36. Rd4+ Ke3 37. Rd3+ Ke2 38.
Rd2+ 1-0

[Event "Parachute Advansed Int"]
[Site "Dhaka BAN"]
[Date "2010.03.11"]
[Round "5"]
[White "Long,P"]
[Black "Shamima,A"]
[Result "1/2-1/2"]
[WhiteElo "2331"]
[BlackElo "2092"]
[EventDate "2010.03.08"]

1. d4 d5 2. Nf3 Nf6 3. Bg5 Bf5 4. c4 c6 5. Qb3 Qc7 6. cxd5 Nxd5 7. Nc3 Nxc3
8. bxc3 Nd7 9. e3 e6 10. Bc4 Nb6 11. Bf1 Qb8 12. Be2 a5 13. O-O Be7 14. Nd2
Ra7 15. e4 Bg6 16. Be3 a4 17. Qb2 O-O 18. f4 f5 19. Rab1 Nd7 20. e5 c5 21.
Bf3 Qc7 22. d5 exd5 23. Bxd5+ Kh8 24. Qb5 Rd8 25. c4 Be8 26. Qb2 Nf8 27.
Qb6 Qxb6 28. Rxb6 Bc6 29. Bxc6 bxc6 30. Rfb1 Rad7 31. Rb7 Kg8 32. R1b6 Kf7
33. Nf3 Rxb7 34. Rxb7 Ne6 35. Ra7 Rd3 36. Kf2 Ra3 37. Ng5+ Nxg5 38. Rxe7+
Kf8 39. Rc7 Ne4+ 40. Kf3 Rxa2 41. g4 g6 42. gxf5 gxf5 43. e6 Rxh2 44. Rf7+
Ke8 45. Rxf5 Nd6 46. Rxc5 a3 47. Rxc6 a2 48. Bd4 Ke7 49. Be5 Nf5 50. Ra6 h5
51. Ke4 Ng3+ 52. Kf3 Nf5 53. Ke4 Ng3+ 54. Kf3 Nf5 55. Ke4 1/2-1/2

[Event "Parachute Advansed Int"]
[Site "Dhaka BAN"]
[Date "2010.03.12"]
[Round "6"]
[White "Rahman,SM"]
[Black "Long,P"]
[Result "1/2-1/2"]
[WhiteElo "2294"]
[BlackElo "2331"]
[EventDate "2010.03.08"]

1. e4 c5 2. Nf3 e6 3. d4 cxd4 4. Nxd4 Nc6 5. c4 Nf6 6. Nc3 Bb4 7. Nc2 Bxc3+
8. bxc3 Qa5 9. Qd3 O-O 10. Ba3 Re8 11. Bd6 b6 12. Be2 Ba6 13. O-O Ne5 14.
Qd4 Nc6 15. Qd3 Ne5 16. Qd4 Nc6 17. Qd3 Ne5 1/2-1/2

[Event "Parachute Advansed Int"]
[Site "Dhaka BAN"]
[Date "2010.03.12"]
[Round "6"]
[White "Abu Sufian,S"]
[Black "Kiran,M"]
[Result "1/2-1/2"]
[WhiteElo "2320"]
[BlackElo "2259"]
[EventDate "2010.03.08"]

1. e4 c5 2. Nf3 Nc6 3. d4 cxd4 4. Nxd4 Nf6 5. Nc3 d6 6. Be2 g6 7. O-O Bg7
8. Be3 O-O 9. Nb3 Be6 10. f4 Rc8 11. Bf3 Nd7 12. Kh1 Nb6 13. Bxb6 Qxb6 14.
Nd5 Bxd5 15. exd5 Na5 16. Nxa5 Qxa5 17. c3 b5 18. Qd2 Qb6 19. Rae1 Rc7 20.
Re4 a5 1/2-1/2

[Event "Parachute Advansed Int"]
[Site "Dhaka BAN"]
[Date "2010.03.12"]
[Round "6"]
[White "Uddin,S"]
[Black "Dave,D"]
[Result "1-0"]
[WhiteElo "2177"]
[BlackElo "2140"]
[EventDate "2010.03.08"]

1. f4 d5 2. Nf3 c5 3. e3 Nf6 4. Be2 e6 5. b3 Be7 6. Bb2 Nc6 7. Ne5 Nd7 8.
Nxc6 bxc6 9. O-O Bf6 10. Nc3 e5 11. f5 e4 12. d3 Bg5 13. dxe4 Bxe3+ 14. Kh1
d4 15. Na4 Qh4 16. Qe1 Qh6 17. Qg3 Bg5 18. e5 Be7 19. Bc1 Qh4 20. Qxg7 Rf8
21. f6 Bd8 22. Bg5 Qe4 23. Bd3 1-0

[Event "Parachute Advansed Int"]
[Site "Dhaka BAN"]
[Date "2010.03.12"]
[Round "6"]
[White "Parveen,T"]
[Black "Minina,V"]
[Result "0-1"]
[WhiteElo "2058"]
[BlackElo "2130"]
[EventDate "2010.03.08"]

1. e4 c5 2. c3 e6 3. d4 d5 4. e5 Nc6 5. Nf3 Qb6 6. Be2 Nh6 7. Qb3 cxd4 8.
Qxb6 axb6 9. cxd4 Nf5 10. Bb5 Bd7 11. Bxc6 bxc6 12. O-O h5 13. Nc3 f6 14.
Rd1 c5 15. Be3 cxd4 16. Bxd4 Nxd4 17. Rxd4 Bc5 18. Rd2 b5 19. Rc1 Be7 20.
a3 fxe5 21. Re1 e4 22. Nd4 b4 23. Ncb5 Bxb5 24. Nxb5 Ra5 25. Nd4 bxa3 26.
bxa3 Kf7 27. Rc2 Rha8 28. f3 Bc5 29. Rxc5 Rxc5 30. fxe4 Rxa3 31. exd5 exd5
32. Re5 g6 33. h4 Rc4 34. Nf3 d4 35. Rd5 Rc1+ 36. Kh2 d3 37. Rxd3 Rxd3 38.
Ne5+ Kf6 39. Nxd3 Rc3 40. Nf2 Kf5 41. g3 Ke5 42. Kg2 Rc2 43. Kf3 Ra2 44.
Nd3+ Kf5 45. Nf2 Ra3+ 46. Kg2 Rb3 47. Kh2 Ke5 48. Kg2 Kd4 49. g4 Ke3 50.
gxh5 gxh5 51. Kg3 Rb1 52. Nh3 Rb4 53. Nf2 Rd4 54. Nh1 Rg4+ 55. Kh3 Kf3 56.
Kh2 Rg8 57. Kh3 Rg2 58. Nf2 Rg3+ 59. Kh2 Kxf2 0-1

[Event "Parachute Advansed Int"]
[Site "Dhaka BAN"]
[Date "2010.03.12"]
[Round "7"]
[White "Dave,D"]
[Black "Parveen,T"]
[Result "1/2-1/2"]
[WhiteElo "2140"]
[BlackElo "2058"]
[EventDate "2010.03.08"]

1. e4 e5 2. Nf3 Nc6 3. Bc4 Bc5 4. c3 Nf6 5. d3 d6 6. Bb3 h6 7. h3 O-O 8.
O-O Bb6 9. Nbd2 Nd7 10. Re1 Nc5 11. Bc2 Ne6 12. Nc4 Qf6 13. Nxb6 axb6 14.
Be3 Ne7 15. Nh2 Ng6 16. Qf3 Nef4 17. Bxf4 exf4 18. Qd1 Ra5 19. d4 Nh4
1/2-1/2

[Event "Parachute Advansed Int"]
[Site "Dhaka BAN"]
[Date "2010.03.12"]
[Round "7"]
[White "Kiran,M"]
[Black "Uddin,S"]
[Result "1-0"]
[WhiteElo "2259"]
[BlackElo "2177"]
[EventDate "2010.03.08"]

1. e4 d5 2. exd5 Nf6 3. d4 Nxd5 4. c4 Nf6 5. Nf3 g6 6. c5 Nd5 7. Nc3 Bg7 8.
Bc4 c6 9. O-O O-O 10. Bxd5 cxd5 11. h3 Nc6 12. Bf4 h6 13. Re1 g5 14. Bg3 g4
15. Ne5 gxh3 16. Nxc6 bxc6 17. gxh3 Bxh3 18. Qh5 Qd7 19. Kh2 Bf5 20. Be5
Bg6 21. Qh4 Rfe8 22. Bxg7 Kxg7 23. b4 Rab8 24. a3 Qf5 25. Re5 Qc2 26. Ne2
e6 27. Nf4 Rg8 28. Rg1 Kh7 29. Reg5 Qe4 30. R1g4 Bf5 31. Qxh6+ 1-0

[Event "Parachute Advansed Int"]
[Site "Dhaka BAN"]
[Date "2010.03.12"]
[Round "7"]
[White "Shamima,A"]
[Black "Rahman,SM"]
[Result "1/2-1/2"]
[WhiteElo "2092"]
[BlackElo "2294"]
[EventDate "2010.03.08"]

1. d4 d5 2. c4 c6 3. Nf3 e6 4. Nc3 Nf6 5. Bg5 Nbd7 6. e3 Be7 7. Qc2 O-O 8.
Rc1 Re8 9. a3 Nf8 10. Bd3 Ng6 11. c5 Nd7 12. Bf4 Bf6 13. O-O e5 14. dxe5
Ndxe5 15. Nxe5 Bxe5 16. Bg3 Qe7 17. Ne2 Bg4 18. Rfe1 Rad8 19. Nd4 1/2-1/2

[Event "Parachute Advansed Int"]
[Site "Dhaka BAN"]
[Date "2010.03.13"]
[Round "8"]
[White "Mohammed Abdul,M"]
[Black "Rahman,SM"]
[Result "0-1"]
[WhiteElo "2272"]
[BlackElo "2294"]
[EventDate "2010.03.08"]

1. d4 d5 2. Nf3 c6 3. e3 Bf5 4. Bd3 Bxd3 5. Qxd3 Qa5+ 6. Nc3 Qa6 7. O-O
Qxd3 8. cxd3 Nf6 9. Bd2 e6 10. Rab1 c5 11. dxc5 Bxc5 12. b4 Be7 13. Nb5 Kd8
14. Ne5 Rf8 15. Rfc1 Nbd7 16. Nxd7 Nxd7 17. a4 a6 18. Nd4 Rc8 19. b5 Rxc1+
20. Rxc1 Nc5 21. Bb4 Nxa4 22. Ba5+ b6 23. Bd2 Kd7 24. bxa6 Ra8 25. Nc6 Bd6
26. d4 Nb2 27. Ne5+ Bxe5 28. dxe5 Rxa6 29. Bc3 Nc4 30. Kf1 Ra2 31. Ra1
Rxa1+ 32. Bxa1 b5 33. Bc3 Kc6 34. Ke2 Kc5 35. f4 b4 36. Bd4+ Kb5 37. Kd3
Na3 38. g4 g6 39. h4 Ka4 40. h5 gxh5 41. gxh5 b3 42. e4 dxe4+ 43. Kxe4 Nc4
44. h6 b2 45. Bxb2 Nxb2 46. f5 Kb4 47. fxe6 fxe6 48. Kf4 Nc4 49. Kg5 Nxe5
50. Kf6 Ng4+ 51. Kxe6 Nxh6 52. Kf6 Ng8+ 0-1

[Event "Parachute Advansed Int"]
[Site "Dhaka BAN"]
[Date "2010.03.13"]
[Round "8"]
[White "Parveen,T"]
[Black "Kiran,M"]
[Result "0-1"]
[WhiteElo "2058"]
[BlackElo "2259"]
[EventDate "2010.03.08"]

1. e4 c5 2. c3 d5 3. exd5 Qxd5 4. d4 Nf6 5. Nf3 e6 6. Be2 Nc6 7. O-O Be7 8.
Be3 cxd4 9. cxd4 O-O 10. Nc3 Qd6 11. a3 b6 12. Rc1 Bb7 13. Nb5 Qb8 14. Qa4
a6 15. Nc3 b5 16. Qc2 Rd8 17. Rfd1 h6 18. h3 Bd6 19. Nd2 Bh2+ 20. Kh1 Nxd4
21. Bxd4 Rxd4 22. Bf3 Rxd2 23. Rxd2 Bxf3 24. gxf3 Bf4 25. Rg1 Bxd2 26. Qxd2
Kh8 27. Qd4 Qd8 28. Qf4 Qd3 29. Qg3 Rg8 30. Qf4 Qc2 31. Nd1 Rd8 0-1

[Event "Parachute Advansed Int"]
[Site "Dhaka BAN"]
[Date "2010.03.13"]
[Round "8"]
[White "Minina,V"]
[Black "Dave,D"]
[Result "0-1"]
[WhiteElo "2130"]
[BlackElo "2140"]
[EventDate "2010.03.08"]

1. Nf3 f5 2. g3 Nf6 3. Bg2 g6 4. O-O Bg7 5. c4 O-O 6. Nc3 d6 7. d4 Qe8 8.
b4 e5 9. dxe5 dxe5 10. e4 fxe4 11. Ng5 Bg4 12. Qb3 Nc6 13. h3 Nd4 14. Qb2
Bf3 15. b5 h6 16. Bxf3 exf3 17. Nge4 Nxe4 18. Nxe4 Qe6 19. Kh2 Qxc4 20. Bd2
Nxb5 21. Rfe1 b6 22. Rac1 Qd5 23. Bb4 Rfc8 24. Qb1 Nd4 25. Nd2 c5 26. Ba3
Ne2 27. Rc2 e4 28. Bb2 c4 29. Bxg7 Kxg7 30. Qb4 Qd4 31. Qe7+ Kh8 32. Rf1 b5
33. Qh4 h5 34. Qg5 Rc6 35. Qxb5 Rac8 36. Qg5 c3 37. Nb3 Qd3 38. Qe5+ Kh7
39. Na1 Nd4 40. Rb1 R6c7 41. Rcc1 c2 42. Rb4 Rd7 43. Ra4 Qd2 0-1

[Event "Parachute Advansed Int"]
[Site "Dhaka BAN"]
[Date "2010.03.14"]
[Round "9"]
[White "Kiran,M"]
[Black "Minina,V"]
[Result "1/2-1/2"]
[WhiteElo "2259"]
[BlackElo "2130"]
[EventDate "2010.03.08"]

1. e4 e6 2. d4 d5 3. Nc3 dxe4 4. Nxe4 Be7 5. Nf3 Nf6 6. Bd3 O-O 7. O-O Nbd7
8. Nxf6+ Nxf6 9. Qe2 c5 10. dxc5 Bxc5 11. Bg5 1/2-1/2